000 01166cam a22001934a 4500
005 20250605164206.0
008 250528s ||||||||||||||||||||||||d
035 _a19939
020 _a9607140400
040 _aGR-AtMCL
_bgre
_dGR-AtMCL
_eAACR2
245 1 _aΣήματα Συστήματα και Αλγόριθμοι / 1-D/ 2-D Σήματα και Συστήματα - RLC Κυκλώματα - Νευρωνικά Δίκτυα - Ψηφιακά Φίλτρα, Παράλληλοι Αλγόριθμοι - Συστήματα Ελέγχου
260 _bΔίαυλος,
_c1994
300 _a792
520 _aΤο βιβλίο αυτό καλύπτει βασικά θέματα σημάτων, συστημάτων και αλγορίθμων. Εισαγωγή, Σήματα, Συστήματα, Πεπερασμένες Αναδρομικές Αναπαραστάσεις, Μετασχηματισμοί Σημάτων, Μετασχηματισμοί Συστημάτων και Εφαρμογές, Βιβλιογραφία, Ευρετήριο.
700 1 _aΚαλουπτσίδης Νίκος
_96093
942 _cBK
999 _c5178
_d5178